000 00783nam a22002417a 4500
999 _c15155
_d15155
003 MIRAKIL
005 20230220132444.0
008 230220b tu ||||| |||| 00| 0 tur d
020 _a9786056391705
040 _aTR-AnCHP
_cTR-AnCHP
041 _atur
082 _a305.4
_bP36t 2014
100 _aPersentili, Nurşen
245 1 0 _aTürk kadınlar birliği 1923-2013 :
_bdoksan yıllık örgütlü mücadele /
_cNurşen Persentili.
246 _adoksan yıllık örgütlü mücadele
250 _a2 bs.
260 _aAnkara :
_bKarınca Yayınları,
_c2014.
300 _axvii, 347 s. :
_b fotğ., tbl. ;
_c24 sm.
504 _aKaynakça vardır.
650 0 _9566
_aKadınlar
_xTürkiye
_y1923-2013
740 _adoksan yıllık örgütlü mücadele
942 _2ddc
_cBKS